Statistics for Country by Hint Quiz

Click here to take the quiz!

General Stats

  • This quiz has been taken 15 times
  • The average score is 10 of 15

Answer Stats

Answer% Correct
India
100%
Italy
100%
Egypt
100%
Russia
100%
Brazil
100%
United States
86%
Argentina
79%
Japan
71%
United Kingdom
64%
Monaco
50%
Mexico
50%
Romania
43%
Japan
43%
Spain
29%
Azerbaijan
14%

Score Distribution

Percentile by Number Answered

Percent of People with Each Score

Your Score History

You have not taken this quiz